000 00686nam a2200277Ia 4500
008 160803s9999 xx 000 0 und d
020 _a 978-0060850524
100 _aHuxley, Aldous
245 _aBrave new world /
245 _cAldous Huxley.
260 _aNew York :
260 _bScholastic Inc.
260 _c2006
300 _a259, 22 pages ;
300 _c21 cm.
650 _aCollectivism --
650 _aGenetic engineering --
650 _aPassivity (Psychology) --
650 _aPsychological fiction.
650 _aTotalitarianism --
650 _xFiction.
650 _xFiction.
650 _xFiction.
650 _xFiction.
700 _a870
999 _c298527
_d298527